| 000 | 00650nam a2200229 a 4500 | ||
|---|---|---|---|
| 003 | MX-MxUPN | ||
| 005 | 20240816103935.0 | ||
| 008 | 991125s1911 mx gr 000 0 fre d | ||
| 035 | _aUPN01000008466 | ||
| 040 |
_aMX-MxUPN _bspa _cMX-MxUPN |
||
| 041 | _aspa | ||
| 050 | 4 |
_aPC2117 _bR6.2 |
|
| 100 | 1 |
_aRodier, Louis _953063 |
|
| 245 | 1 | 0 | _aClef de la langue française |
| 260 |
_aMéxico : _bImprenta Universal, _c1911. |
||
| 300 |
_avolúmenes : _bilustraciones |
||
| 500 | _aLa biblioteca tiene los volúmenes 1 y 3 | ||
| 650 | 4 |
_aFrancés _vLibros de texto _952315 |
|
| 902 | _bMaríaRobles/160824 | ||
| 905 | _aLibro | ||
| 942 |
_2lcc _cLIBRO _n0 |
||
| 999 |
_c8466 _d8466 |
||